Catálogo
 En Linea

Educación financiera para la vida / (Registro nro. 50133)

Detalles MARC
000 -CABECERA
campo de control de longitud fija 01570nam a22002657a 4500
003 - IDENTIFICADOR DEL NÚMERO DE CONTROL
campo de control DO-SdBNP
005 - FECHA Y HORA DE LA ÚLTIMA TRANSACCIÓN
campo de control 20220321101014.0
007 - CAMPO FIJO DE DESCRIPCIÓN FÍSICA--INFORMACIÓN GENERAL
campo de control de longitud fija ta
008 - DATOS DE LONGITUD FIJA--INFORMACIÓN GENERAL
campo de control de longitud fija 210716b 2018 dr 00| 0 eng d
020 ## - NÚMERO INTERNACIONAL ESTÁNDAR DEL LIBRO
Número Internacional Estándar del Libro 9789945910803
040 ## - FUENTE DE LA CATALOGACIÓN
Centro catalogador/agencia de origen DO-SdBNP
Lengua de catalogación spa
Centro/agencia transcriptor BNPHU
082 #4 - NÚMERO DE LA CLASIFICACIÓN DECIMAL DEWEY
Número de documento/Ítem D948e
Número de edición 22
100 1# - ENTRADA PRINCIPAL--NOMBRE DE PERSONA
Nombre de persona Durán, Andy
9 (RLIN) 79272
245 10 - MENCIÓN DE TÍTULO
Título Educación financiera para la vida /
Mención de responsabilidad, etc. Andy Durán ; colaboradores María Elena Durán Capellán, Juan Agustín Acosta, José Luis Fradera Cornelio ; prólogo Luis Gabriel Santa.
260 ## - PUBLICACIÓN, DISTRIBUCIÓN, ETC.
Lugar de publicación, distribución, etc. SantoDomingo :
Nombre del editor, distribuidor, etc. Delfos,
Fecha de publicación, distribución, etc. 2018.
300 ## - DESCRIPCIÓN FÍSICA
Extensión 127 p. ;
Dimensiones 22 cm.
500 ## - NOTA GENERAL
Nota general Incluye datos biográficos del autor en la solapa de la cubierta.
504 ## - NOTA DE BIBLIOGRAFÍA, ETC.
Nota de bibliografía, etc. Bibliografía : p. 127
505 0# - NOTA DE CONTENIDO CON FORMATO
Nota de contenido con formato Prólogo 05. --introducción 07. --Tema I: La educación financiera 09. --Tema II: Cultura del ahorro 17. --Tema III: Los gastos en las finanzas personales 27. --Tema IV: El dinero 37. --Tema V: Ingresos pasivos y libertad financiera 45. --Tema VI: Importancia del presupuesto en las finanzas personales 53. --Tema VII: El crédito, las deudas y las tarjetas de crédito 67. --Tema VIII: Manejo de las finanzas personales en tiempos de crisis económicas 83. --Tema IX: Inversiones y negocios 91. --Tema X: Funcionamiento de los bancos 101. --Tema XI: El tema económico en el noviazgo 109. --Tema XII Manejo de las finanzas en la 117
590 ## - NOTA LOCAL (RLIN)
Nota local Inventariado, 2021 /LP<br/><br/>
590 ## - NOTA LOCAL (RLIN)
Nota local La biblioteca posee 1 ejemplar autografiado por el autor.
700 1# - PUNTO DE ACCESO ADICIONAL--NOMBRE DE PERSONA
Nombre de persona Santa, Luis Gabriel,
Término indicativo de función/relación pról.
9 (RLIN) 79273
910 ## - DATOS DE OPCIÓN DEL USUARIO (OCLC)
Datos de opción del usuario Lpérez
942 ## - ELEMENTOS DE PUNTO DE ACCESO ADICIONAL (KOHA)
Fuente del sistema de clasificación o colocación Dewey Decimal Classification
Tipo de ítem Koha Libro
Existencias
Estado de retiro Estado de pérdida Fuente del sistema de clasificación o colocación Restricciones de uso No para préstamo Código de colección Localización permanente Ubicación/localización actual Ubicación en estantería Fecha de adquisición Fuente de adquisición Total de préstamos Signatura topográfica completa Código de barras Fecha visto por última vez Precio válido a partir de Tipo de ítem Koha Número de copia
    Dewey Decimal Classification Préstamo restringido   Patrimonio Dominicano Biblioteca Nacional Pedro Henríquez Ureña Biblioteca Nacional Pedro Henríquez Ureña Depósito 16.07.2021 Depósito Legal   BNPHU PD 2021-25208 16.07.2021 16.07.2021 Libro e.2
    Dewey Decimal Classification Préstamo en sala   Dominicana de Servicio Biblioteca Nacional Pedro Henríquez Ureña Biblioteca Nacional Pedro Henríquez Ureña Depósito 16.07.2021 Depósito Legal   BNPHU DS 2021-25209 16.07.2021 16.07.2021 Libro e.3
    Dewey Decimal Classification Préstamo en sala   Dominicana de Servicio Biblioteca Nacional Pedro Henríquez Ureña Biblioteca Nacional Pedro Henríquez Ureña En catalogación 21.03.2022 Donación   BNPHU DS D948e 2022-0932 21.03.2022 21.03.2022 Libro e.4
    Dewey Decimal Classification Préstamo en sala   Dominicana de Servicio Biblioteca Nacional Pedro Henríquez Ureña Biblioteca Nacional Pedro Henríquez Ureña Extraviado 21.03.2022 Donación   BNPHU DS D948e 2022-0933 21.03.2022 21.03.2022 Libro e.5
    Dewey Decimal Classification Préstamo restringido   Patrimonio Dominicano Biblioteca Nacional Pedro Henríquez Ureña Patrimonio Dominicano Depósito 16.07.2021 Depósito Legal   BNPHU PD 2021-25207 16.07.2021 16.07.2021 Libro  

Con tecnología Koha